Villes côtières européennes #2 [Difficile] - Statistiques

Statistiques générales
  • Ce quiz a été pris 21 fois
  • Le résultat moyen est 7 sur 15
Statistiques - réponses
Indice Réponse % Correct
Port ukrainien très important inscrit en 2023 sur la liste du patrimoine mondial en péril de l'UNESCO Odessa
78%
Deuxième plus grande ville du Danemark Aarhus
72%
Capitale de la Crète Héraklion
72%
Anciennement appelé Danzig Gdansk
67%
Capitale des Pouilles Bari
56%
Centre économique et culturel du nord de la Finlande, également appelé la "capitale du Nord de la Finlande" Oulu
50%
Capitale de l'île de Man Douglas
44%
Plus grand port de Lituanie et troisième ville du pays Klaipeda
44%
Ville croate en trois lettres portant le même nom que l'île où elle se situe Krk
39%
Station balnéaire monténegrine Budva
33%
Plus grande ville de l'île de Gotland Visby
28%
Seule ville côtière de Bosnie Neum
22%
Charmante ville slovène aux influences italiennes ayant élu le premier maire noir d'ex Yougoslavie en 2010 Piran
22%
Station balnéaire plébiscité par les habitants de Riga Jurmala
17%
Ville la plus méridionale d'Espagne Tarifa
17%
Aucun quiz correspondant
Distribution des résultats
% des personnes avec chaque résultat
Percentile par nombre de réponses
Votre historique - résultats
Vous n’avez pas pris ce quiz